| Tag |
First Indicator |
Second Indicator |
Subfields |
| LEADER |
00000cam a22000004a 4500 |
| 001 |
in00001402028 |
| 005 |
20151020053017.0 |
| 008 |
971029s1997 txu s000 0 eng d |
| 035 |
|
|
|a (OCoLC)37863255
|
| 035 |
|
|
|9 AHM6710AM
|
| 040 |
|
|
|a IKM
|c IKM
|d TXA
|d UtOrBLW
|
| 049 |
|
|
|a TXAO
|
| 086 |
|
|
|a Z TA265.7 L47 NO.5181
|2 txdocs
|
| 086 |
|
|
|a Z TA245.7 L47 NO.5181
|2 txdocs
|
| 100 |
1 |
|
|a Hammack, Stephen P.
|
| 245 |
1 |
0 |
|a Sire types for commercial beef herds /
|c Stephen P. Hammack.
|
| 264 |
|
1 |
|a College Station, Tex. :
|b Texas Agricultural Extension Service, Texas A&M University System,
|c [1997]
|
| 300 |
|
|
|a 1 sheet ;
|c 28 cm.
|
| 336 |
|
|
|a text
|b txt
|2 rdacontent
|
| 337 |
|
|
|a unmediated
|b n
|2 rdamedia
|
| 338 |
|
|
|a sheet
|b nb
|2 rdacarrier
|
| 490 |
0 |
|
|a Texas adapted genetic strategies
|
| 500 |
|
|
|a Caption title.
|
| 500 |
|
|
|a "L-5181."
|
| 650 |
|
0 |
|a Beef cattle
|z Texas.
|
| 710 |
2 |
|
|a Texas Agricultural Extension Service.
|
| 999 |
|
|
|a MARS
|
| 999 |
f |
f |
|s bb0ec94b-b633-3620-b365-6ab9edb97276
|i 7f912af3-5af1-308e-9656-358e879baad4
|t 0
|
| 952 |
f |
f |
|a Texas A&M University
|b College Station
|c Sterling C. Evans Library
|d Evans: Texas Documents (Annex 5th floor)
|t 0
|e Z TA245.7 L47 NO.5101-5199
|h Superintendent of Documents classification
|
| 998 |
f |
f |
|a Z TA245.7 L47 NO.5101-5199
|s no.5192,5199S
|t 0
|l Evans: Texas Documents (Annex 5th floor)
|